| 000 | 00595nam a22002057a 4500 | ||
|---|---|---|---|
| 999 |
_c8851 _d8851 |
||
| 003 | AR-CdUCM | ||
| 008 | 190326b ||||| |||| 00| 0 spa d | ||
| 040 |
_aMUNICIPALIDAD PROVINCIAL DEL CUSCO _cBIBLIOTECA MUNICIPAL DEL CUSCO |
||
| 082 |
_a869.56 / _bY28 |
||
| 100 |
_aYáñez, Luis _99571 |
||
| 245 | _aNuestra ventana / | ||
| 260 |
_aLima : _bEdiciones de la Rama Florida, _c1963. |
||
| 300 |
_a42 páginas ; _c18 cm. |
||
| 505 | _aContenido: Poesías. | ||
| 650 |
_aPoesías peruanas _91481 |
||
| 650 |
_aSiglo XX _98 |
||
| 650 |
_aLiteratura _983 |
||
| 942 |
_2ddc _cLIBROS |
||
| 945 | _aachl | ||